Геохимия гипербазитов Малого Кавказа (Азербайджан)

Bibliographic Details
Main Author: Абдуллаев З. Б. Закир Бунят оглы
Other Authors: Гусейнова С. Ф. Светлана Фаррух кызы
Language:Russian
Published: Баку, Элм, 1987
Subjects:
Format: Book
KOHA link:https://koha.lib.tpu.ru/cgi-bin/koha/opac-detail.pl?biblionumber=123597

MARC

LEADER 00000nam0a2200000 4500
001 123597
005 20231031130522.0
020 |a RU  |b 88-28776 
035 |a (RuTPU)RU\TPU\book\133781 
090 |a 123597 
100 |a 20071020d1987 km a0rusy5003 ca 
101 0 |a rus 
102 |a AZ 
105 |a a z 001zy 
200 1 |a Геохимия гипербазитов Малого Кавказа (Азербайджан)  |f З. Б. Абдуллаев, С. Ф. Гусейнова 
210 |a Баку  |c Элм  |d 1987 
215 |a 170 с.  |c ил.  |d 20 см 
320 |a Библиогр.: с. 132-145 (193 назв.) 
610 1 |a горные породы 
610 1 |a горная система 
610 1 |a геохимия 
610 1 |a Малый Кавказ 
675 |a 552.321.5/6  |z rus 
686 |a 38.37  |2 rugasnti 
700 1 |a Абдуллаев  |b З. Б.  |g Закир Бунят оглы  |4 070 
701 1 |a Гусейнова  |b С. Ф.  |g Светлана Фаррух кызы  |4 070 
801 0 |a RU  |b RuMRKP  |c 19950417  |g psbo 
801 1 |a RU  |b 63413507  |c 20071020  |g PSBO 
801 2 |a RU  |b 63413507  |c 20081008  |g PSBO 
942 |c BK